<?xml version="1.0" encoding="UTF-8"?><?xml-stylesheet type="text/xsl" href="static/style.xsl"?><OAI-PMH xmlns="http://www.openarchives.org/OAI/2.0/" xmlns:xsi="http://www.w3.org/2001/XMLSchema-instance" xsi:schemaLocation="http://www.openarchives.org/OAI/2.0/ http://www.openarchives.org/OAI/2.0/OAI-PMH.xsd"><responseDate>2026-04-13T04:04:49Z</responseDate><request verb="GetRecord" identifier="oai:www.recercat.cat:2117/340584" metadataPrefix="marc">https://recercat.cat/oai/request</request><GetRecord><record><header><identifier>oai:recercat.cat:2117/340584</identifier><datestamp>2025-07-22T22:49:02Z</datestamp><setSpec>com_2072_1033</setSpec><setSpec>col_2072_452951</setSpec></header><metadata><record xmlns="http://www.loc.gov/MARC21/slim" xmlns:dcterms="http://purl.org/dc/terms/" xmlns:xsi="http://www.w3.org/2001/XMLSchema-instance" xmlns:doc="http://www.lyncode.com/xoai" xsi:schemaLocation="http://www.loc.gov/MARC21/slim http://www.loc.gov/standards/marcxml/schema/MARC21slim.xsd">
   <leader>00925njm 22002777a 4500</leader>
   <datafield ind2=" " ind1=" " tag="042">
      <subfield code="a">dc</subfield>
   </datafield>
   <datafield ind2=" " ind1=" " tag="720">
      <subfield code="a">Mateu Alcácer, Adriana</subfield>
      <subfield code="e">author</subfield>
   </datafield>
   <datafield ind2=" " ind1=" " tag="260">
      <subfield code="c">2020-07-16</subfield>
   </datafield>
   <datafield ind2=" " ind1=" " tag="520">
      <subfield code="a">El principal problema de l’energia nuclear està relacionat amb la gestió dels residus radioactius, en&#xd;
particular, del combustible nuclear gastat (CNG). Degut a l’augment en la producció a les centrals&#xd;
nuclears d’energia elèctrica, es genera una major quantitat de residus que cal guardar en algun lloc.&#xd;
Per això mateix és necessari que el CNG s’emmagatzemi de manera segura; a Europa l’opció escollida&#xd;
és la construcció d’un magatzem geològic profund (AGP), en el qual s’aïllen i confinen els residus en&#xd;
formacions geològiques profundes basades en un sistema multibarrera que tenen com a objectiu&#xd;
assegurar que el temps de trànsit fins l’arribada a la biosfera de qualsevol radionúclid (RN)&#xd;
emmagatzemat que es pogués alliberar sigui suficientment llarg per evitar un gran impacte en l’ésser&#xd;
humà i el medi ambient (Astudillo Pastor &amp; Empresa Nacional de Residuos Radiactivos (España), 2001).&#xd;
El problema que aquesta solució presenta es produeix en el cas de què la barrera falli i l’aigua&#xd;
subterrània arribi al CNG, provocant la seva dissolució i alhora l’alliberament dels radionúclids&#xd;
continguts en aquest. Per això es molt important conèixer quin és el comportament de cada RN present&#xd;
al CNG en el moment del seu alliberament.&#xd;
Aquest treball es centra en l’estudi de la localització i el comportament dels productes de fissió (PF)&#xd;
que es troben al CNG una vegada irradiat al reactor. En concret, s’ha dut a terme l’estudi de l’alliberació&#xd;
de quatre RN (U, Cs, Mo i Pu) en diferents tipus de combustible i de mostres. Els valors experimentals&#xd;
utilitzats en aquest treball han estat obtinguts d’altres estudis anteriors i s’han utilitzat per realitzar&#xd;
l’ajust dels valors experimentals d’urani mitjançant un model matemàtic semi-empíric anomenat&#xd;
SERNIM i per obtenir els paràmetres del model i així poder predir l’alliberació del cesi, el molibdè i el&#xd;
plutoni.&#xd;
S’han estudiat onze mostres amb diferents graus de cremat (Entre 42 MW·d/kgU i 60 MW·d/kgU), tipus&#xd;
de combustible (BWR i PWR), tipus de mostra (en pols de la part interna i externa del CNG o en pastilla)&#xd;
i diferents tipus de lixiviant (BIC i aigües de ciment).&#xd;
Els resultats obtinguts pel cesi i el plutoni en mostres en pols s’adeqüen al que s’esperava, en canvi el&#xd;
molibdè presenta un comportament totalment diferent a l’esperat tot i que ja es tenia una idea de què&#xd;
això passaria i per això mateix es va triar aquest RN en concret, per comprovar-ho.&#xd;
Respecte als resultats de les mostres de pastilles senceres de combustible, tant pel cesi com pel&#xd;
molibdè s’arriba a la conclusió de què tots dos s’alliberen independentment de la matriu del&#xd;
combustible i en cap cas es té en compte l’urani durant l’alliberació d’aquests. El plutoni mostra el comportament que s’esperava excepte per les mostres HBU amb aigües de ciment com a lixiviant, en&#xd;
les quals és possible que es produeixi la precipitació de fases secundàries que no han sigut estudiades&#xd;
encara i que poden ser motiu de nous estudis degut a la importància d’aquest actínid al combustible.</subfield>
   </datafield>
   <datafield tag="653" ind2=" " ind1=" ">
      <subfield code="a">Àrees temàtiques de la UPC::Enginyeria química</subfield>
   </datafield>
   <datafield tag="653" ind2=" " ind1=" ">
      <subfield code="a">Radioactive wastes</subfield>
   </datafield>
   <datafield tag="653" ind2=" " ind1=" ">
      <subfield code="a">Fuel</subfield>
   </datafield>
   <datafield tag="653" ind2=" " ind1=" ">
      <subfield code="a">Nuclear fission</subfield>
   </datafield>
   <datafield tag="653" ind2=" " ind1=" ">
      <subfield code="a">Molybdenum</subfield>
   </datafield>
   <datafield tag="653" ind2=" " ind1=" ">
      <subfield code="a">Combustible nuclear gastado</subfield>
   </datafield>
   <datafield tag="653" ind2=" " ind1=" ">
      <subfield code="a">uranio</subfield>
   </datafield>
   <datafield tag="653" ind2=" " ind1=" ">
      <subfield code="a">molibdeno</subfield>
   </datafield>
   <datafield tag="653" ind2=" " ind1=" ">
      <subfield code="a">residuos</subfield>
   </datafield>
   <datafield tag="653" ind2=" " ind1=" ">
      <subfield code="a">productos de fisión.</subfield>
   </datafield>
   <datafield tag="653" ind2=" " ind1=" ">
      <subfield code="a">Residus radioactius</subfield>
   </datafield>
   <datafield tag="653" ind2=" " ind1=" ">
      <subfield code="a">Combustibles</subfield>
   </datafield>
   <datafield tag="653" ind2=" " ind1=" ">
      <subfield code="a">Residus -- Emmagatzematge</subfield>
   </datafield>
   <datafield tag="653" ind2=" " ind1=" ">
      <subfield code="a">Fissió nuclear</subfield>
   </datafield>
   <datafield tag="653" ind2=" " ind1=" ">
      <subfield code="a">Molibdè</subfield>
   </datafield>
   <datafield ind2="0" ind1="0" tag="245">
      <subfield code="a">Comportamiento de los productos de fisión en el combustible nuclear gastado: el caso del Molibdeno</subfield>
   </datafield>
</record></metadata></record></GetRecord></OAI-PMH>